Mad money journey : (Record no. 3797)

MARC details
000 -LEADER
fixed length control field 00413nam a2200157 4500
001 - CONTROL NUMBER
control field 4579
005 - DATE AND TIME OF LATEST TRANSACTION
control field 20181127173709.0
020 00 - INTERNATIONAL STANDARD BOOK NUMBER
International Standard Book Number 9788184955774
090 00 - LOCALLY ASSIGNED LC-TYPE CALL NUMBER (OCLC); LOCAL CALL NUMBER (RLIN)
Classification number (OCLC) (R) ; Classification number, CALL (RLIN) (NR) FIC I652m
100 00 - MAIN ENTRY--PERSONAL NAME
Personal name Irani, Mehrab.
245 00 - TITLE STATEMENT
Title Mad money journey :
Remainder of title A financial adventure /
Statement of responsibility, etc. Mehrab Irani.
Medium
260 00 - PUBLICATION, DISTRIBUTION, ETC.
Place of publication, distribution, etc. Ahmedabad :
Name of publisher, distributor, etc. Jaico Publisher,
Date of publication, distribution, etc. 2014.
300 00 - PHYSICAL DESCRIPTION
Extent 229 p. ; 20 cm.
650 00 - SUBJECT ADDED ENTRY--TOPICAL TERM
Topical term or geographic name entry element Finance, Personal.
General subdivision
Topical term or geographic name entry element Money.
General subdivision
Holdings
Withdrawn status Lost status Source of classification or shelving scheme Damaged status Not for loan Collection code Home library Current library Shelving location Date acquired Serial Enumeration / chronology Inventory number Total Checkouts Total Renewals Full call number Barcode Date last seen Date last checked out Price effective from Koha item type
    Dewey Decimal Classification     Fiction RTC Library RTC Library Fiction 07/04/2022 7288 4 2 FIC 813.54 IRA 30007416 05/09/2024 14/08/2024 27/11/2018 Fiction
Royal Thimphu College || All Right Reserved